<?xml version="1.0" encoding="UTF-8"?><?xml-stylesheet type="text/xsl" href="static/style.xsl"?><OAI-PMH xmlns="http://www.openarchives.org/OAI/2.0/" xmlns:xsi="http://www.w3.org/2001/XMLSchema-instance" xsi:schemaLocation="http://www.openarchives.org/OAI/2.0/ http://www.openarchives.org/OAI/2.0/OAI-PMH.xsd"><responseDate>2026-04-14T02:14:00Z</responseDate><request verb="GetRecord" identifier="oai:www.recercat.cat:11351/12198" metadataPrefix="marc">https://recercat.cat/oai/request</request><GetRecord><record><header><identifier>oai:recercat.cat:11351/12198</identifier><datestamp>2025-10-24T10:19:15Z</datestamp><setSpec>com_2072_378070</setSpec><setSpec>com_2072_378040</setSpec><setSpec>col_2072_378092</setSpec></header><metadata><record xmlns="http://www.loc.gov/MARC21/slim" xmlns:dcterms="http://purl.org/dc/terms/" xmlns:xsi="http://www.w3.org/2001/XMLSchema-instance" xmlns:doc="http://www.lyncode.com/xoai" xsi:schemaLocation="http://www.loc.gov/MARC21/slim http://www.loc.gov/standards/marcxml/schema/MARC21slim.xsd">
   <leader>00925njm 22002777a 4500</leader>
   <datafield ind2=" " ind1=" " tag="042">
      <subfield code="a">dc</subfield>
   </datafield>
   <datafield ind2=" " ind1=" " tag="720">
      <subfield code="a">Leache, Leire</subfield>
      <subfield code="e">author</subfield>
   </datafield>
   <datafield ind2=" " ind1=" " tag="720">
      <subfield code="a">Gonzalez-Senac, Nicolas Maria</subfield>
      <subfield code="e">author</subfield>
   </datafield>
   <datafield ind2=" " ind1=" " tag="720">
      <subfield code="a">Carreras, E.</subfield>
      <subfield code="e">author</subfield>
   </datafield>
   <datafield ind2=" " ind1=" " tag="720">
      <subfield code="a">Gutiérrez-Valencia, Marta</subfield>
      <subfield code="e">author</subfield>
   </datafield>
   <datafield ind2=" " ind1=" " tag="720">
      <subfield code="a">Losa, L.</subfield>
      <subfield code="e">author</subfield>
   </datafield>
   <datafield ind2=" " ind1=" " tag="720">
      <subfield code="a">Puig, Teresa</subfield>
      <subfield code="e">author</subfield>
   </datafield>
   <datafield ind2=" " ind1=" " tag="720">
      <subfield code="a">Marrero Álvarez, Patricia</subfield>
      <subfield code="e">author</subfield>
   </datafield>
   <datafield ind2=" " ind1=" " tag="260">
      <subfield code="c">2024-11-07T13:25:58Z</subfield>
   </datafield>
   <datafield ind2=" " ind1=" " tag="260">
      <subfield code="c">2024-11-07T13:25:58Z</subfield>
   </datafield>
   <datafield ind2=" " ind1=" " tag="260">
      <subfield code="c">2024-09-30</subfield>
   </datafield>
   <datafield ind2=" " ind1=" " tag="520">
      <subfield code="a">Aged; Inappropriate prescribing; Inpatients</subfield>
   </datafield>
   <datafield ind2=" " ind1=" " tag="520">
      <subfield code="a">Ancianos; Prescripción inadecuada; Pacientes hospitalizados</subfield>
   </datafield>
   <datafield ind2=" " ind1=" " tag="520">
      <subfield code="a">Persones grans; Prescripció inadequada; Pacients hospitalitzats</subfield>
   </datafield>
   <datafield ind2=" " ind1=" " tag="520">
      <subfield code="a">Purpose&#xd;
In recent years, the need for a more appropriate prescription of medications in the older population has emerged as a significant public health concern. In this study, we aimed to evaluate the prevalence of potentially inappropriate medications (PIM) in hospitalized adults aged ≥ 75.&#xd;
Patients and methods&#xd;
This was a retrospective descriptive observational study of patients at 16 hospitals in Spain. The study population included inpatients aged ≥ 75 admitted during a 7-day period (May 10 to 16, 2021). Data were obtained from the pharmacy databases of the participating hospitals. The list of PIMs was based on the Beers, STOPP-START, EU-PIM and PRISCUS criteria.&#xd;
Results&#xd;
A total of 4,183 patients were included. PIMs were detected in 23.5% (N = 1,126) of the cohort. The prevalence rates at the participating hospitals ranged from 10% to 42.5%. The PIM/patient ratio was 1.2. The most common PIMs were midazolam, dexketoprofen, diazepam, and doxazosin, all of which (except for doxazosin) were more common in women. Benzodiazepines accounted for 70% of all PIMs. In 35% of cases, the PIMs were initiated before hospital admission. Of the 818 PIMs initiated during hospitalization, the two most common were benzodiazepines (49%) and anti-inflammatory drugs (25%). At discharge, only 4.9% of the PIMs initiated during the hospital stay were still prescribed.&#xd;
Conclusion&#xd;
In this population of older hospitalized patients, the overall prevalence of PIMs was moderate. However, the prevalence rate at the participating hospitals was highly variable. In most cases, PIMs prescribed prior to hospitalization for chronic conditions were not withdrawn during the hospital stay. No significant increase in PIMs was observed from pre-admission to post-discharge.&#xd;
These findings underscore the need for multidisciplinary interventions to optimize the pharmaceutical treatment in older adults in the hospital setting to reduce the consequences of PIMs in patients.</subfield>
   </datafield>
   <datafield ind1="8" ind2=" " tag="024">
      <subfield code="a">http://hdl.handle.net/11351/12198</subfield>
   </datafield>
   <datafield tag="653" ind2=" " ind1=" ">
      <subfield code="a">Persones grans</subfield>
   </datafield>
   <datafield tag="653" ind2=" " ind1=" ">
      <subfield code="a">Errors de medicació</subfield>
   </datafield>
   <datafield tag="653" ind2=" " ind1=" ">
      <subfield code="a">Hospitals - Pacients</subfield>
   </datafield>
   <datafield tag="653" ind2=" " ind1=" ">
      <subfield code="a">NAMED GROUPS::Persons::Age Groups::Adult::Aged</subfield>
   </datafield>
   <datafield tag="653" ind2=" " ind1=" ">
      <subfield code="a">HEALTH CARE::Health Services Administration::Quality of Health Care::Quality Assurance, Health Care::Potentially Inappropriate Medication List</subfield>
   </datafield>
   <datafield tag="653" ind2=" " ind1=" ">
      <subfield code="a">HEALTH CARE::Health Care Facilities, Manpower, and Services::Health Services::Medical Errors::Medication Errors::Inappropriate Prescribing</subfield>
   </datafield>
   <datafield tag="653" ind2=" " ind1=" ">
      <subfield code="a">HEALTH CARE::Health Care Facilities, Manpower, and Services::Health Services::Patient Care::Hospitalization</subfield>
   </datafield>
   <datafield tag="653" ind2=" " ind1=" ">
      <subfield code="a">DENOMINACIONES DE GRUPOS::personas::Grupos de Edad::adulto::anciano</subfield>
   </datafield>
   <datafield tag="653" ind2=" " ind1=" ">
      <subfield code="a">ATENCIÓN DE SALUD::administración de los servicios de salud::calidad de la atención sanitaria::garantía de calidad de la atención sanitaria::Lista de medicamentos potencialmente inadecuados</subfield>
   </datafield>
   <datafield tag="653" ind2=" " ind1=" ">
      <subfield code="a">ATENCIÓN DE SALUD::instalaciones, servicios y personal de asistencia sanitaria::servicios de salud::errores médicos::errores de medicación::prescripción inadecuada</subfield>
   </datafield>
   <datafield tag="653" ind2=" " ind1=" ">
      <subfield code="a">ATENCIÓN DE SALUD::instalaciones, servicios y personal de asistencia sanitaria::servicios de salud::asistencia al paciente::hospitalización</subfield>
   </datafield>
   <datafield ind2="0" ind1="0" tag="245">
      <subfield code="a">Prevalence of potentially inappropriate medications and prescription dynamics in elderly hospitalized patients in Spain</subfield>
   </datafield>
</record></metadata></record></GetRecord></OAI-PMH>